| Tag |
First Indicator |
Second Indicator |
Subfields |
| LEADER |
00000cam a2200000 a 4500 |
| 001 |
in00000026866 |
| 005 |
20151007054555.0 |
| 007 |
he bmb||||||| |
| 008 |
851106r19851983orua bb 00010 eng d |
| 035 |
|
|
|a (OCoLC)12765432
|
| 035 |
|
|
|9 AAB5555AM
|
| 040 |
|
|
|a MUU
|c MUU
|d HPE
|d TXA
|d UtOrBLW
|
| 049 |
|
|
|a TXAI
|
| 099 |
|
|
|a fiche
|a C
|a 9152
|
| 100 |
1 |
|
|a Berry, Debra Lynn.
|
| 245 |
1 |
4 |
|a The retention of cardiopulmonary resuscitation skills /
|c by Debra Lynn Berry.
|
| 264 |
|
1 |
|a [Place of publication not identified] :
|b [publisher not identified] ;
|c 1983.
|
| 300 |
|
|
|a vii, 99 leaves :
|b illustrations
|
| 336 |
|
|
|a text
|b txt
|2 rdacontent
|
| 337 |
|
|
|a microform
|b h
|2 rdamedia
|
| 338 |
|
|
|a microfiche
|b he
|2 rdacarrier
|
| 502 |
|
|
|b M.S.
|c La Crosse
|d 1983.
|
| 504 |
|
|
|a Bibliography: leaves 73-75.
|
| 533 |
|
|
|a Microfiche.
|b Eugene :
|c Microform Publications, College of Human Development and Performance, University of Oregon,
|d 1985.
|e 2 microfiches : negative ; 11 x 15 cm.
|
| 500 |
|
|
|a Microform.
|
| 650 |
|
0 |
|a Resuscitation
|x Study and teaching.
|
| 650 |
|
0 |
|a Cardiac resuscitation.
|
| 650 |
|
0 |
|a Memory.
|
| 999 |
|
|
|a MARS
|
| 999 |
f |
f |
|s 60fe3982-f92b-3f3b-9ce0-95d5432d7b62
|i 7422455f-550d-3d46-9b15-b19d942b2cad
|t 0
|
| 952 |
f |
f |
|p normal
|a Texas A&M University
|b College Station
|c Sterling C. Evans Library
|d Evans: Microforms (3rd floor)
|t 0
|e fiche C 9152
|h Other scheme
|i microform -- microfiche
|m A14822856220
|
| 998 |
f |
f |
|a fiche C 9152
|t 0
|l Evans: Microforms (3rd floor)
|